000 00386 a2200169 4500
001 178858
020 _a978-85-7962-196-3
040 _cMagnum
100 _aMachado, Ana Maria
240 1 0 _aDo outro lado tem segredos
_lpor
245 1 0 _aDo outro lado tem segredos
300 _a87
362 0 _a2013
440 1 _aObjetiva
697 _aLITERATURA INFANTO-JUVENIL
942 _cBK
999 _c178858
_d178858